00367nam a22001457a 450000500170000001000150001702000260003203500140005803700090007208200120008110000300009324500690012326000090019230000200020120240507121003.0 aENG-140153 c300.00a9788185170480 aEN-123685 bDBAD a181.452 aSastri, P. S. Subrahmanya aLectures On Patanjali's Mahabhasya/cby P. S. Subrahmanya Sastri c2011 a396p.c25cm(hb)